RICS construction market survey United Kingdom (Record no. 109309)
[ view plain ]
| 000 -LEADER | |
|---|---|
| fixed length control field | 01633cad a22002415a 4500 |
| 001 - CONTROL NUMBER | |
| control field | E146828 |
| 008 - FIXED-LENGTH DATA ELEMENTS--GENERAL INFORMATION | |
| fixed length control field | 090303s2009 xxkd f s 000 0 eng d |
| 035 ## - SYSTEM CONTROL NUMBER | |
| System control number | (Sirsi) u146828 |
| 041 0# - LANGUAGE CODE | |
| Language code of text/sound track or separate title | eng |
| 050 04 - LIBRARY OF CONGRESS CALL NUMBER | |
| Classification number | 338.47624 $2 18 |
| 110 2# - MAIN ENTRY--CORPORATE NAME | |
| Corporate name or jurisdiction name as entry element | Royal Institution of Chartered Surveyors |
| Subordinate unit | Economics |
| 9 (RLIN) | 5033 |
| 245 00 - TITLE STATEMENT | |
| Title | RICS construction market survey United Kingdom |
| Remainder of title | fourth quarter 2008 |
| Medium | [electronic resource] |
| 260 ## - PUBLICATION, DISTRIBUTION, ETC. | |
| Place of publication, distribution, etc. | London |
| Name of publisher, distributor, etc. | RICS |
| Date of publication, distribution, etc. | 2009 |
| 490 #0 - SERIES STATEMENT | |
| Series statement | RICS Construction Market Survey United Kingdom |
| Volume/sequential designation | Fourth Quarter 2008 |
| 520 ## - SUMMARY, ETC. | |
| Summary, etc. | Reports that total construction workloads declined for the third quarter in a row with the net balance falling to the lowest level in the survey's history, with 47% more Chartered Surveyors reporting a fall than a rise. Private housing workloads remained the weakest category with 66% more Surveyors reporting a fall than a rise over the period. The picture for public sector housing was slightly better but the latest reading of -20 in the net balance remains consistent with reductions in the levels of new starts. Private commercial and industrial workloads dropped sharply over the fourth quarter and although infrastructure remained a little more resilient, workloads in this area still declined at the fastest pace in the survey's history. |
| 521 2# - TARGET AUDIENCE NOTE | |
| Target audience note | Advanced |
| 590 ## - LOCAL NOTE (RLIN) | |
| Local note | KA |
| 650 24 - SUBJECT ADDED ENTRY--TOPICAL TERM | |
| Topical term or geographic name entry element | RICS CONSTRUCTION MARKET SURVEY UNITED KINGDOM |
| 651 #4 - SUBJECT ADDED ENTRY--GEOGRAPHIC NAME | |
| Geographic name | United Kingdom |
| Chronological subdivision | |
| 690 ## - LOCAL SUBJECT ADDED ENTRY--TOPICAL TERM (OCLC, RLIN) | |
| Topical term or geographic name as entry element | BUILT ENVIRONMENT-CONSTRUCTION MARKET |
| 856 40 - ELECTRONIC LOCATION AND ACCESS | |
| Uniform Resource Identifier | <a href="https://www.rics.org/site/scripts/download_info.aspx?downloadID=51&fileID=54">https://www.rics.org/site/scripts/download_info.aspx?downloadID=51&fileID=54</a> |
| Public note | View the survey free of charge at www.rics.org... |
| 942 ## - ADDED ENTRY ELEMENTS (KOHA) | |
| Suppress in OPAC | 0 |
| Withdrawn status | Lost status | Source of classification or shelving scheme | Damaged status | Not for loan | Home library | Current library | Shelving location | Date acquired | Total Checkouts | Full call number | Barcode | Date last seen | Copy number | Price effective from | Koha item type |
|---|---|---|---|---|---|---|---|---|---|---|---|---|---|---|---|
| Dewey Decimal Classification | Virtual | Virtual | Online | 03/03/2009 | ONLINE PUBLICATION | 146828-2001 | 06/08/2019 | 1 | 06/08/2019 | Book |